000 00701nam a2200241 i 4500
001 C2-0329339
003 PPAK
005 20180728130427.0
008 141217s2008 my a|||| ||||| | may d
020 _a9789834231323
040 _aPPAK
_beng
_cPPAK
_erda
082 0 4 _a613
_223
090 0 0 _a613
_bLIM
_dG
100 1 _aLim, Hin Fui,
_d1954-
_eauthor
245 1 0 _aMakanan sihat sebagai ubat
264 1 _aKuala Lumpur :
_bSamarata Enterprise ,
_c2008
300 _axvii, 206 pages :
_bcolour photographs ;
_c21 cm
336 _2rdacontent
_atext
337 _2rdamedia
_aunmediated
338 _2rdacarrier
_avolume
650 1 0 _aFood habits - Health aspects. ; Nutrition.
942 _ddc
_cB
999 _c128581
_d128581